| 000 -LEADER |
| fixed length control field |
00887nam a22002297a 4500 |
| 005 - DATE AND TIME OF LATEST TRANSACTION |
| control field |
20231009101615.0 |
| 008 - FIXED-LENGTH DATA ELEMENTS--GENERAL INFORMATION |
| fixed length control field |
231009b ||||| |||| 00| 0 eng d |
| 020 ## - INTERNATIONAL STANDARD BOOK NUMBER |
| International Standard Book Number |
9780603570230 |
| 040 ## - CATALOGING SOURCE |
| Transcribing agency |
KH8 |
| 082 ## - DEWEY DECIMAL CLASSIFICATION NUMBER |
| Classification number |
FIC BLY |
| 100 ## - MAIN ENTRY--PERSONAL NAME |
| Personal name |
Blyton, Enid |
| Relator term |
Author |
| 245 ## - TITLE STATEMENT |
| Title |
In the fifth at Malory Towers / |
| Statement of responsibility, etc. |
Enid Blyton |
| 260 ## - PUBLICATION, DISTRIBUTION, ETC. |
| Place of publication, distribution, etc. |
London, |
| Name of publisher, distributor, etc. |
Dean, |
| Date of publication, distribution, etc. |
2014 |
| 300 ## - PHYSICAL DESCRIPTION |
| Extent |
182 pages |
| 440 ## - SERIES STATEMENT/ADDED ENTRY--TITLE |
| Title |
Malory Towers, |
| Volume/sequential designation |
bk. 5 |
| 520 ## - SUMMARY, ETC. |
| Summary, etc. |
Games, lessons, quarrels, rows and tricks all form part of a very lively term for Darrell and her friends, but the biggest event of all is the fifth form pantomime, written, acted and produced entirely by the girls. The pantomime generates a lot of fun, but also a surprising amount of trouble |
| 521 ## - TARGET AUDIENCE NOTE |
| Target audience note |
9+ |
| 650 ## - SUBJECT ADDED ENTRY--TOPICAL TERM |
| Topical term or geographic name entry element |
Boarding schools |
| 650 ## - SUBJECT ADDED ENTRY--TOPICAL TERM |
| Topical term or geographic name entry element |
Boarding schools |
| Form subdivision |
Juvenile fiction |
| 650 ## - SUBJECT ADDED ENTRY--TOPICAL TERM |
| Topical term or geographic name entry element |
Children's stories |
| 942 ## - ADDED ENTRY ELEMENTS (KOHA) |
| Source of classification or shelving scheme |
|
| Koha item type |
Books - Fiction |